| 000 | 01551cam a2200349 4500 | ||
|---|---|---|---|
| 002 | 6885 | ||
| 008 | 030113n2004 000 0 eng u | ||
| 020 | _a1842191292 | ||
| 035 | _a(Sirsi) u120997 | ||
| 041 | _aeng | ||
| 050 |
_a333.0062 _c18 |
||
| 100 | _aWilliams, Geoffrey | ||
| 245 |
_aProfessional conduct for chartered surveyors _ba practical guide |
||
| 260 |
_aCoventry _bRICS _c2004 |
||
| 300 |
_axiv,118p. _c21cm. |
||
| 350 | _a24.95 | ||
| 520 | _aThis book puts the RICS Bye Laws, Regulations and Rules of Conduct into a practical context, concentrating on the areas that commonly arise at disciplinary hearings and explaining how such problems can be avoided. Contains chapters on: conduct unbefitting; lifelong learning; disciplinary structures and procedures; accounts; financial responsibilities; relations with the Institution; relations with clients; and professional indemnity insurance. Essential reading for chartered surveyors and employers of chartered surveyors. | ||
| 520 | _aSuperseded by second edition (ISBN 9781842196267) | ||
| 650 | _aABOUT RICS-RICS MEMBERS | ||
| 650 | _aCLIENT RELATIONS | ||
| 650 | _aDISCIPLINARY PROCEDURES | ||
| 650 |
_aInsolvency _96247 |
||
| 650 | _aLIFELONG LEARNING | ||
| 650 | _aPROFESSIONAL CONDUCT | ||
| 650 | _aPROFESSIONAL INDEMNITY INSURANCE | ||
| 650 | _aRICS BYE-LAWS | ||
| 650 | _aRICS MEMBERS' ACCOUNTS RULES | ||
| 650 | _aRICS REGULATIONS | ||
| 650 | _aRICS RULES OF CONDUCT | ||
| 690 | _aMANAGEMENT-BUSINESS MANAGEMENT-PROFESSIONAL PRACTICE | ||
| 942 | _n0 | ||
| 999 |
_c102602 _d102602 |
||